History Quiz

Random History Quiz

American Combat Aircraft Quiz Stats

 Plays Quiz not verified by Sporcle

Challenge
Share
Tweet
Embed
Score 0/49 Timer 15:00
0 Plays Today
Numerical Designation Nickname % Correct
P-51Mustang
85.9%
F-14Tomcat
85.9%
F/A-18Hornet
85.9%
F-22Raptor
85.3%
F-15Eagle
84.8%
B-17Flying Fortress
81.5%
A-10Thunderbolt II
81.5%
P-38Lightning
73.9%
B-52Stratofortress
73.4%
F-16Fighting Falcon
72.8%
B-24Liberator
71.7%
P-47Thunderbolt
70.1%
B-2ASpirit
69.6%
F4UCorsair
69%
F-117Nighthawk
68.5%
B-29/B-50Superfortress
67.4%
F-86Sabre
64.7%
B-1BLancer
64.7%
F6FHellcat
63%
F4FWildcat
61.4%
B-25Mitchell
61.4%
P-40Warhawk
59.8%
F-104Starfighter
58.7%
F-4Phantom II
57.1%
SBDDauntless
53.8%
Numerical Designation Nickname % Correct
F-111Aardvark
53.3%
A-6Intruder
52.2%
TBFAvenger
50.5%
F-80Shooting Star
48.9%
A-4Skyhawk
47.8%
F-105Thunderchief
45.1%
B-26Marauder
45.1%
P-39Airacobra
44.6%
F-5Tiger
44%
SB2CHelldiver
41.8%
B-58Hustler
41.3%
F-102/F-106Delta Dart
40.2%
A-20Havoc
39.7%
P-26Peashooter
39.1%
A-1Skyraider
38%
A-7Corsair II
38%
B-47Stratojet
37%
F-8Crusader
36.4%
B-36Peacemaker
36.4%
F-84Thunderjet
31.5%
A-5Vigilante
25.5%
P-36Mohawk
22.3%
P-1/F6CHawk
18.5%
P-6/F11CHawk
15.8%

You're not logged in!

Compare scores with friends on all Sporcle quizzes.
Join for Free
OR
Log In

You Might Also Like...

Show Comments

Extras

Top Quizzes Today


Score Distribution

Your Account Isn't Verified!

In order to create a playlist on Sporcle, you need to verify the email address you used during registration. Go to your Sporcle Settings to finish the process.

Report this User

Report this user for behavior that violates our Community Guidelines.

Details: